Statistiques concernant Culture Générale en 150 mots

Cliquez ici pour prendre le quiz!

Statistiques générales

  • Ce quiz a été pris 1,816 fois
  • Le résultat moyen est 103 sur 150

Statistiques - réponses

Catégorie 1er mot 2nd mot % Correct
PaysRoyaume-Uni
100%
ConsolesWiiU
100%
PaysEtats-Unis
99%
Chaînes de téléFrance2,3,4,5,Ô
97%
PaysNouvelle-Zélande
96%
PaysBuenosAires
96%
AnimauxChauve-Souris
96%
SportsVolley-Ball
96%
BD, mangas, comicsDragonBall
96%
SportsWater-Polo
96%
FootballeursZinedineZidane
95%
AnimauxRatonLaveur
95%
Présidents USBarackObama
95%
BâtimentsBigBen
94%
AnimauxMille-Pattes
94%
Présidents USDonaldTrump
94%
FilmsHarryPotter
94%
FootballeursCristianoRonaldo
94%
ActeursLeonardoDiCaprio
94%
AnimauxOrang-Outan
94%
Films d'animationToyStory
93%
AnimauxRouge-Gorge
93%
Groupes de musiqueDaftPunk
92%
Dessins-animésScooby-Doo
92%
Personnages fictifsSpider-Man
92%
AlimentaireCoca-Cola
92%
Présidents USAbrahamLincoln
91%
Anciennes régions frPoitou-Charente
91%
BâtimentsSacré-Coeur
90%
BâtimentsTajMahal
90%
AlimentaireCroque-Monsieur
90%
Bonjouren anglaisHello
90%
Dessins-animésInspecteurGadget
90%
SportsCanoë-Kayak
90%
SportsKungFu
90%
Anciennes régions frFranche-Comté
89%
Anciennes régions frLanguedoc-Roussillon
89%
Anciennes régions frChampagne-Ardenne
88%
Personnages fictifsSherlockHolmes
88%
Présidents FrançaisLouis-NapoléonBonaparte
88%
CapitalesTelAviv-Jaffa
87%
PaysBosnie-Herzégovine
86%
FilmsPulpFiction
85%
DivertissementsCache-Cache
85%
Séries TVBreakingBad
84%
PeintresPabloPicasso
84%
MotorisésAlfaRomeo
84%
FilmsStarWars
84%
Anciennes régions frMidi-Pyrénées
84%
MotorisésHarley-Davidson
84%
ActeursHarrisonFord
84%
Jeux vidéosCandyCrush
84%
ActricesCameronDiaz
84%
MotorisésMercedes-Benz
83%
PeintresSalvadorDali
82%
DivertissementsSaute-Mouton
81%
Etats AméricainsNew-York
81%
Présidents USFranklin D.Roosevelt
80%
Jeux vidéosDonkeyKong
80%
Groupes de musiquePinkFloyd
80%
Chaînes de téléBFMTV
80%
BâtimentsSagradaFamilia
80%
Présidents FrançaisFrançoisHollande
79%
Etats AméricainsNouveau-Mexique
79%
Séries TVDesperateHousewives
79%
MotorisésLandRover
78%
ActeursVinDiesel
78%
Présidents USGeorgeWashington
78%
Dessins-animésTotallySpies
78%
CapitalesAbouDabi
78%
Présidents FrançaisGeorgesPompidou
77%
MotorisésRolls-Royce
77%
DiversChou-Fleur
76%
Chaînes de téléNRJ12
76%
CapitalesKualaLumpur
76%
Personnages fictifsGastonLagaffe
76%
Départements françaisHaut-Rhin
75%
Etats AméricainsRhodeIsland
75%
Départements françaisBas-Rhin
75%
BâtimentsMaison-Blanche
75%
FilmsMadMax
74%
Départements françaisAlpes-Maritimes
74%
Départements françaisLoire-Atlantique
74%
FootballeursZlatanIbrahimović
73%
Bonjouren espagnolHola
73%
AlimentaireParis-Brest
72%
ActricesMerylStreep
72%
DivertissementsTrivialPursuit
71%
SportsKite-Surf
70%
Etats AméricainsNewJersey
69%
FilmsFightClub
67%
FootballeursDiegoMaradona
66%
Groupes de musiqueLedZeppelin
65%
Dessins-animésLooneyTunes
64%
ConsolesXboxOne
64%
Jeux vidéosFinalFantasy
63%
FootballeursDavidBeckham
63%
ActricesScarlettJohansson
63%
Séries TVDoctorWho
62%
Départements françaisDeux-Sèvres
61%
ActricesCharlizeTheron
60%
ActeursKeanuReeves
60%
Films d'animationVice-Versa
58%
Etats AméricainsVirginie-Occidentale
57%
PeintresAugusteRenoir
57%
Films d'animationChickenRun
57%
BD, mangas, comicsLargoWinch
56%
DivertissementsMontagnesRusses
56%
Groupes de musiqueJohnnyHallyday
55%
ActeursCharlieChaplin
54%
Dessins-animésAmericanDad!
53%
AlimentaireMinuteMaid
53%
ConsolesSuperNintendo
53%
DiversGratte-Ciel
52%
Jeux vidéosCounterStrike
52%
Chaînes de téléChérie25
51%
Présidents FrançaisRenéCoty
50%
DiversPagesJaunes
50%
Séries TVSense8
50%
DiversLapis-Lazuli
48%
Bonjouren allemandHallo
47%
AlimentaireHäagen-Dazs
47%
EditeursAlbinMichel
45%
ActricesSigourneyWeaver
45%
Films d'animationHôtelTransylvanie
45%
DivertissementsAuto-Tamponneuse
44%
Présidents FrançaisSadiCarnot
43%
Personnages fictifsPhileasFogg
40%
Jeux vidéosGranTurismo
40%
Chaînes de téléRMCDécouverte
40%
ConsolesMegaDrive
38%
CapitalesLaPaz
37%
DiversHewlettPackard
37%
BD, mangas, comicsKidPaddle
36%
Personnages fictifsFrodonSacquet
34%
Séries TVTrueDetective
32%
CapitalesSãoTomé
32%
Bonjouren italienBuongiorno
31%
Bonjouren portugaisOlá
30%
EditeursFluideGlacial
30%
Films d'animationSourisCity
29%
PeintresEdgarDegas
23%
BD, mangas, comicsBattleRoyale
18%
EditeursFranceLoisirs
18%
Groupes de musiqueKidCudi
17%
EditeursCalmann-Lévy
15%
ConsolesGameGear
12%
PeintresSandroBotticelli
12%
BD, mangas, comicsJudgeDredd
9%
EditeursAlbert-René
7%

Distribution des résultats

Percentile by Number Answered

% des personnes avec chaque résultat

Votre développement - résultats

Vous n’avez pas pris ce quiz